UBT Library

Introducing physical geography / (Record no. 44779)

000 -LEADER
fixed length control field 00790cam a2200253 a 4500
001 - CONTROL NUMBER
control field 2597090
005 - DATE AND TIME OF LATEST TRANSACTION
control field 20180312093939.0
008 - FIXED-LENGTH DATA ELEMENTS--GENERAL INFORMATION
fixed length control field 970722s1998 nyuab 001 0 eng
010 ## - LIBRARY OF CONGRESS CONTROL NUMBER
LC control number 97013431
020 ## - INTERNATIONAL STANDARD BOOK NUMBER
International Standard Book Number 0471147133 (pbk. : alk. paper)
035 ## - SYSTEM CONTROL NUMBER
System control number (DLC) 97013431
040 ## - CATALOGING SOURCE
Original cataloging agency DLC
Transcribing agency DLC
Modifying agency DLC
041 ## - LANGUAGE CODE
Language code of text/sound track or separate title eng
080 ## - UNIVERSAL DECIMAL CLASSIFICATION NUMBER
Universal Decimal Classification number 550 ALA
082 00 - DEWEY DECIMAL CLASSIFICATION NUMBER
Classification number 550 ALA
Edition number 21
100 1# - Rafti
Rafti 42
101 ## - Shkurtesa
Shkurtesa GEO
245 10 - TITLE STATEMENT
Title Introducing physical geography /
Statement of responsibility, etc Alan Strahler, Arthur Strahler.
246 1# - VARYING FORM OF TITLE
Display text At head of title:
Title proper/short title Strahler Strahler
906 ## - LOCAL DATA ELEMENT F, LDF (RLIN)
a 7
b cbc
c orignew
d 1
e ocip
f 19
g y-gencatlg
942 ## - ADDED ENTRY ELEMENTS (KOHA)
Source of classification or shelving scheme
Item type Books
Holdings
Withdrawn status Lost status Source of classification or shelving scheme Damaged status Not for loan Collection code Permanent location Current location Shelving location Date acquired Total Checkouts Full call number Barcode Date last seen Price effective from Koha item type
          Koleksioni i përgjithshem UBT - Lipjan UBT - Lipjan Koleksioni i përgjithshem 03/12/2018   550 ALA 002-3001720 03/12/2018 03/12/2018 Books
UBT Library © 2015-2024. All rights reserved University Education for Business and Technology